Víctimas sacerdotales del Arzobispado de Tarragona durante la persecucción religiosa del 1936 al 1939. (Record no. 125443)

MARC details
000 -LEADER
campo de control de longitud fija 00679nam a2200181 i 4500
001 - NÚMERO DE CONTROL
campo de control 125443
003 - IDENTIFICADOR DE NÚMERO DE CONTROL
campo de control ES-MaACL
005 - FECHA Y HORA DE LA ÚLTIMA TRANSACCIÓN
campo de control 20230906192629.0
007 - CAMPO FIJO DE DESCRIPCIÓN FÍSICA--INFORMACIÓN GENERAL
campo de control de longitud fija t|
008 - DATOS DE LONGITUD FIJA--INFORMACIÓN GENERAL
campo de control de longitud fija 070611s1948 sp ||||1| spa d
100 1# - ENTRADA PRINCIPAL--NOMBRE DE PERSONA
Nombre de persona Serra i Vilaró, J.
9 (RLIN) 105638
245 10 - MENCIÓN DEL TÍTULO
Título Víctimas sacerdotales del Arzobispado de Tarragona durante la persecucción religiosa del 1936 al 1939.
260 ## - PUBLICACIÓN, DISTRIBUCIÓN, ETC.
Lugar de publicación, distribución, etc. [Tarragona :
Nombre del editor, distribuidor, etc. s.n.,
Fecha de publicación, distribución, etc. 1948?] (
Fabricante Imp. Suc. de Torres & Virgili)
300 ## - DESCRIPCIÓN FÍSICA
Extensión 318 p., 1 h. de lám. :
Otras características físicas il. ;
Dimensiones 17 cm.
500 ## - NOTA GENERAL
Nota general Encabezamiento tomado de la p. 9.
651 #4 - PUNTO DE ACCESO ADICIONAL DE MATERIA--NOMBRE GEOGRÁFICO
Nombre geográfico España-
Subdivisión general Historia-
Subdivisión cronológica 1936-1939, Guerra civil-
Subdivisión general Aspectos religiosos.
9 (RLIN) 8294
852 ## - LOCALIZACIÓN
Ubicación ES-MaACL
Número de control de estantería C-4886
Sublocalización o colección R.25398
Holdings
Estatus retirado Estado de pérdida Estado de daño No para préstamo Biblioteca de origen Biblioteca actual Ubicación en estantería Fecha de adquisición Fuente de adquisición Total de préstamos Signatura topográfica completa Código de barras Visto por última vez Precio de reemplazo Tipo de ítem Koha
        Biblioteca del Ateneo de Madrid Biblioteca del Ateneo de Madrid Sala Palomar 17/01/2008     C-4886 1130681 23/02/2023 23/02/2023 Libro impreso